Digitální telekomunikační technika : Určeno pro posl.fak.elektrotechn. Díl 1, Digitální zpracování signálů /

Další autoři: Prchal, Josef, 1929-, Škop, Miroslav, Petrásek, Miroslav
Jazyk: Čeština
Vydáno: Praha : České vysoké učení technické, 1993
Vydání: 1. vyd.
Témata:
Fyzický popis: 2, 214 s. : obr., tab.
Knihy
Uloženo v:
LEADER 01188nam a2200313 a 4500
001 000002386
003 CZ BrMZK
005 20211103115854.0
007 ta
008 930920s1993 xr f cze d
015 |a cnb000081422 
020 |a 80-01-00990-4  |c 25.00 
040 |a BOA001  |b cze 
080 |a 621.39.037.37(075.8)  |2 MRF 
245 0 0 |a Digitální telekomunikační technika :  |b Určeno pro posl.fak.elektrotechn.  |n Díl 1,  |p Digitální zpracování signálů /  |c Miroslav Petrásek, Josef Prchal, Miroslav Škop 
246 3 0 |a Digitální zpracování signálů 
250 |a 1. vyd. 
260 |a Praha :  |b České vysoké učení technické,  |c 1993 
300 |a 2, 214 s. :  |b obr., tab. 
500 |a Bibliogr. s. 212-214 
653 0 |a digitální telekomunikační technika 
700 1 |a Prchal, Josef,  |d 1929-  |7 ntka173779 
700 1 |a Škop, Miroslav  |7 jk01130336 
700 1 |a Petrásek, Miroslav  |7 jx20040209006 
910 |a BOA001  |b 2-0986.549,1 
962 |a 621.39 
964 |a Technika telekomunikační digitální  |x učebnice  |x školy vysoké 
990 |a BK 
996 6 |b 2610002540  |c 2-0986.549,1  |l MZK  |r Sklad / do 1 hodiny  |n 7  |p p.v.  |w 000002386  |u 000010  |a 1  |e BOA001  |j MZK50  |s P